000 00889nam a2200265Ia 4500
003 OSt
005 20221005111130.0
006 a|||||r|||| 00| 0
007 ta
008 221004b |||||||| |||| 00| 0 hin d
020 _a9789350724590 (hbk)
_c790
024 _a17364
037 _b521, 21/03/2015, Vani Prakashan
_cTextual
040 _aCRL
_cCRL
_bhin
041 _2hin
_ahin
082 _aY15:7:75, 152Q3
100 _aके. वनजा
245 0 _aइको - फेमिनिज़्म
246 _aIko - feminija़ma
260 _aनई दिल्ली
_bवाणी प्रकाशन भारत
_c2013
300 _a238पृ0
_ccm.
650 _aभारतीय-लोक साहित्य
942 _hY15:7:75, 152Q3
_cTEXL
_2cc
999 _c1020911
_d1020911